| 000 | 00464nam a2200157Ia 4500 | ||
|---|---|---|---|
| 008 | 100122s9999 xx 000 0 und d | ||
| 082 |
_b39062 _a1 |
||
| 100 | _aDEAN INTERNATONAL PUB | ||
| 245 | _aTHE BOOK OF KNOWLEDGE ( क.क्र.180 ) | ||
| 250 | _a1 | ||
| 260 |
_bDEAN INTERNATIONAL PUBLISHING _c1985 |
||
| 300 | _a392 | ||
| 630 | _aTHE BOOK OF KNOWLEDGE ( क.क्र.180 ) | ||
| 730 | _aTHE BOOK OF KNOWLEDGE ( क.क्र.180 ) | ||
| 942 | _cBOOK | ||
| 999 |
_c372236 _d372233 |
||